[Event "Lueneburg op-A"]
[Site "Lueneburg"]
[Date "2019.08.09"]
[Round "7"]
[White "Colbow, Collin"]
[Black "Deutschbein, Christopher"]
[Result "0-1"]
[WhiteElo "2246"]
[BlackElo "2015"]
[PlyCount "42"]
[EventDate "2019.08.03"]
[EventType "swiss"]
[EventRounds "9"]
[EventCountry "GER"]
[SourceTitle "CBM 191 Extra"]
[Source "ChessBase"]
[SourceDate "2019.09.30"]
[SourceVersion "1"]
[SourceVersionDate "2019.09.30"]
[SourceQuality "1"]

1. e4 e5 2. Nf3 Nc6 3. Bb5 a6 4. Ba4 Nf6 5. 0-0 Nxe4 6. d4 exd4 7. Re1 d5 8. Nxd4 Bd6 9. Nxc6 Bxh2+ 10. Kf1 Qh4 11. Qf3 0-0 12. Nd4 Bg4 13. Qe3 Bf4 14. Nf3 Qh1+ 15. Ke2 Qxg2 16. Qxf4 Qxf2+ 17. Kd3 Bxf3 18. Qe3 Nc5+ 19. Kc3 d4+ 20. Kxd4 Qh4+ 21. Qf4 Qxe1 0-1

[Event "Lueneburg op-A"]
[Site "Lueneburg"]
[Date "2019.08.04"]
[Round "2"]
[White "Deutschbein, Christopher"]
[Black "Sriram, Jha"]
[Result "0-1"]
[WhiteElo "2015"]
[BlackElo "2381"]
[PlyCount "84"]
[EventDate "2019.08.03"]
[EventType "swiss"]
[EventRounds "9"]
[EventCountry "GER"]
[SourceTitle "CBM 191 Extra"]
[Source "ChessBase"]
[SourceDate "2019.09.30"]
[SourceVersion "1"]
[SourceVersionDate "2019.09.30"]
[SourceQuality "1"]

1. e4 e5 2. Nf3 Nc6 3. Bc4 Nf6 4. d3 Be7 5. 0-0 0-0 6. Re1 d6 7. a4 Be6 8. Nbd2 Qd7 9. c3 Rfe8 10. Bxe6 fxe6 11. Nc4 Bf8 12. Bg5 Qf7 13. d4 exd4 14. cxd4 e5 15. d5 Nd8 16. Ra3 Be7 17. Bh4 Qg6 18. Bxf6 Bxf6 19. Qc2 Nf7 20. h3 Rac8 21. Nh2 Bg5 22. Ne3 c5 23. Nf5 Qf6 24. Rf3 Qd8 25. Ng4 g6 26. Nfe3 h5 27. Nh2 Bf4 28. Nef1 Rf8 29. g3 Bh6 30. h4 Qd7 31. Ne3 Nh8 32. Nc4 Rxf3 33. Nxf3 Rf8 34. Kg2 Nf7 35. Rd1 Rb8 36. Rd3 b6 37. Na3 a6 38. Nb1 b5 39. axb5 Qxb5 40. Na3 Qxb2 41. Qa4 Qe2 42. Qxa6 Rb2 0-1

[Event "Rhein Main op-A 22nd"]
[Site "Bad Homburg"]
[Date "2019.06.23"]
[Round "7"]
[White "Deutschbein, Christopher"]
[Black "Rabiya, Karim"]
[Result "1-0"]
[WhiteElo "2030"]
[BlackElo "1826"]
[PlyCount "63"]
[EventDate "2019.06.19"]
[EventType "swiss"]
[EventRounds "9"]
[EventCountry "GER"]
[SourceTitle "EXT 2020"]
[Source "ChessBase"]
[SourceDate "2019.10.17"]
[SourceVersion "1"]
[SourceVersionDate "2019.10.17"]
[SourceQuality "1"]

1. e4 c5 2. d3 g6 3. f4 Bg7 4. Nf3 Nc6 5. Be2 d6 6. c3 Nf6 7. 0-0 Bg4 8. Na3 0-0 9. Be3 a6 10. h3 Bd7 11. g4 b5 12. f5 gxf5 13. gxf5 e6 14. fxe6 Bxe6 15. Kh2 Qc7 16. Nh4 Ne7 17. Bg5 Ne8 18. Bg4 Be5+ 19. Kh1 Ng7 20. Bf6 Ng6 21. Nxg6 fxg6 22. Bxg7 Bxg4 23. Qxg4 Kxg7 24. Nc2 Qc8 25. Ne3 Qxg4 26. hxg4 a5 27. Nd5 b4 28. Nc7 Rxf1+ 29. Rxf1 Ra7 30. Ne6+ Kh6 31. Kg2 Re7 32. Rh1+ 1-0

[Event "Rhein Main op-A 22nd"]
[Site "Bad Homburg"]
[Date "2019.06.22"]
[Round "6"]
[White "Muehlpfordt, Thomas"]
[Black "Deutschbein, Christopher"]
[Result "1-0"]
[WhiteElo "1985"]
[BlackElo "2030"]
[PlyCount "71"]
[EventDate "2019.06.19"]
[EventType "swiss"]
[EventRounds "9"]
[EventCountry "GER"]
[SourceTitle "EXT 2020"]
[Source "ChessBase"]
[SourceDate "2019.10.17"]
[SourceVersion "1"]
[SourceVersionDate "2019.10.17"]
[SourceQuality "1"]

1. e4 e5 2. Nf3 Nc6 3. Bc4 Bc5 4. c3 Nf6 5. d4 exd4 6. e5 d5 7. Bb5 Ne4 8. cxd4 Bb6 9. h3 0-0 10. 0-0 f6 11. Bxc6 bxc6 12. Be3 f5 13. Nc3 f4 14. Bc1 g5 15. Qb3 Kh8 16. Re1 g4 17. hxg4 Bxg4 18. Nxe4 dxe4 19. Rxe4 Qd5 20. Qxd5 cxd5 21. Rxf4 Rxf4 22. Bxf4 Bxf3 23. gxf3 Bxd4 24. Rd1 c5 25. b4 Rf8 26. e6 Re8 27. bxc5 Bxc5 28. Rxd5 Bb6 29. Rg5 Bd4 30. Rd5 Bb6 31. a4 a6 32. a5 Ba7 33. Rd7 Bc5 34. Bd6 Bd4 35. Be7 Kg8 36. f4 1-0

[Event "Rhein Main op-A 22nd"]
[Site "Bad Homburg"]
[Date "2019.06.20"]
[Round "3"]
[White "Deutschbein, Christopher"]
[Black "Schmitt, Carsten1111"]
[Result "1/2-1/2"]
[WhiteElo "2030"]
[BlackElo "1912"]
[PlyCount "153"]
[EventDate "2019.06.19"]
[EventType "swiss"]
[EventRounds "9"]
[EventCountry "GER"]
[SourceTitle "EXT 2020"]
[Source "ChessBase"]
[SourceDate "2019.10.17"]
[SourceVersion "1"]
[SourceVersionDate "2019.10.17"]
[SourceQuality "1"]

1. e4 e6 2. d3 d5 3. Nd2 Nf6 4. Ngf3 c5 5. g3 Be7 6. Bg2 Nc6 7. 0-0 0-0 8. Re1 Qc7 9. h4 b5 10. e5 Nd7 11. Qe2 a5 12. Nf1 Ba6 13. Bf4 Rfc8 14. Ne3 Qd8 15. h5 h6 16. Ng4 Bf8 17. Ngh2 b4 18. g4 a4 19. g5 b3 20. gxh6 gxh6 21. Ng4 Nd4 22. Nxd4 cxd4 23. cxb3 axb3 24. axb3 Kh7 25. Qf3 Qh4 26. Rec1 Rxc1+ 27. Rxc1 Rc8 28. Ra1 Ra8 29. Bxh6 f5 30. Bxf8 Rxf8 31. Rxa6 fxg4 32. Qg3 Qxg3 33. fxg3 Nxe5 34. Rxe6 Nf3+ 35. Kh1 Rf5 36. Bxf3 Rxf3 37. Re5 Rxg3 38. Rxd5 Rxd3 39. b4 Rd2 40. b3 d3 41. b5 Rd1+ 42. Kg2 d2 43. b6 Rb1 44. Rxd2 Rxb3 45. Rd6 Kg7 46. Rc6 Kh7 47. Rg6 Kh8 48. Kf2 Kh7 49. Rc6 Kh8 50. Rc8+ Kh7 51. Rb8 Kg7 52. b7 Kh7 53. h6 Rf3+ 54. Kg2 Rb3 55. Kh2 Rh3+ 56. Kg1 Rg3+ 57. Kf1 Rb3 58. Kg2 Rb1 59. Kg3 Rg1+ 60. Kf4 Rb1 61. Kxg4 Rg1+ 62. Kf4 Rf1+ 63. Ke4 Re1+ 64. Kd3 Rb1 65. Kc3 Rb6 66. Kc2 Rb5 67. Kc3 Rb6 68. Kc4 Rb1 69. Kc5 Rc1+ 70. Kb4 Rb1+ 71. Ka4 Ra1+ 72. Kb3 Rb1+ 73. Ka3 Rb6 74. Ka2 Rb5 75. Ka3 Rb6 76. Ka4 Rb1 77. Ka3 1/2-1/2

[Event "Berlin Lichtenberger op 17th"]
[Site "Berlin"]
[Date "2018.08.26"]
[Round "9"]
[White "Deutschbein, Christopher"]
[Black "Albert, Joerg"]
[Result "1/2-1/2"]
[WhiteElo "1990"]
[BlackElo "2141"]
[PlyCount "33"]
[EventDate "2018.08.18"]
[EventType "swiss"]
[EventRounds "9"]
[EventCountry "GER"]
[SourceTitle "CBM 186 Extra"]
[Source "ChessBase"]
[SourceDate "2018.08.24"]
[SourceVersion "1"]
[SourceVersionDate "2018.08.24"]
[SourceQuality "1"]

1. Nf3 d5 2. g3 Nf6 3. Bg2 e6 4. 0-0 Be7 5. d3 0-0 6. Nbd2 c5 7. e4 Nc6 8. e5 Nd7 9. Re1 Qc7 10. Qe2 b6 11. h4 Bb7 12. Nf1 Rae8 13. Bf4 Qd8 14. N1h2 f6 15. Bh3 f5 16. c3 h6 17. Qd2 1/2-1/2

[Event "Berlin Lichtenberger op 17th"]
[Site "Berlin"]
[Date "2018.08.19"]
[Round "2"]
[White "Deutschbein, Christopher"]
[Black "Hacker, Jonas"]
[Result "0-1"]
[WhiteElo "1990"]
[BlackElo "2316"]
[PlyCount "71"]
[EventDate "2018.08.18"]
[EventType "swiss"]
[EventRounds "9"]
[EventCountry "GER"]
[SourceTitle "CBM 186 Extra"]
[Source "ChessBase"]
[SourceDate "2018.08.24"]
[SourceVersion "1"]
[SourceVersionDate "2018.08.24"]
[SourceQuality "1"]

1. e4 e5 2. Nf3 Nc6 3. Bc4 Nf6 4. d3 Be7 5. 0-0 0-0 6. Re1 d6 7. c3 Na5 8. Nbd2 Nxc4 9. Nxc4 Be6 10. Ne3 h6 11. Nf1 Re8 12. d4 Bf8 13. Ng3 Bd7 14. Qd3 b5 15. b3 Bc6 16. d5 Bd7 17. Bb2 c5 18. c4 a6 19. Bc3 g6 20. Nd2 h5 21. Nf3 Nh7 22. Bd2 h4 23. Nf1 f5 24. h3 Rb8 25. Rab1 fxe4 26. Rxe4 Bf5 27. Ne3 Nf6 28. Nxf5 gxf5 29. Rxh4 e4 30. Qe3 exf3 31. Qg5+ Bg7 32. Bc3 Rb7 33. Rh6 Ne4 34. Qg6 Nxc3 35. Qh7+ Kf8 36. Rh5 0-1

[Event "Kiel op 31st"]
[Site "Kiel"]
[Date "2018.08.02"]
[Round "8"]
[White "Easwaralingam, Adesh"]
[Black "Deutschbein, Christopher"]
[Result "1/2-1/2"]
[WhiteElo "2168"]
[BlackElo "1990"]
[PlyCount "60"]
[EventDate "2018.07.28"]
[EventType "swiss"]
[EventRounds "9"]
[EventCountry "GER"]
[SourceTitle "CBM 185 Extra"]
[Source "ChessBase"]
[SourceDate "2018.07.29"]
[SourceVersion "1"]
[SourceVersionDate "2018.07.29"]
[SourceQuality "1"]

1. e4 e5 2. Nf3 Nc6 3. Bb5 a6 4. Ba4 Nf6 5. Qe2 b5 6. Bb3 Bc5 7. a4 Rb8 8. c3 0-0 9. axb5 axb5 10. d3 Re8 11. 0-0 h6 12. Be3 d6 13. Nbd2 Qe7 14. Rfe1 Bxe3 15. fxe3 Be6 16. Bc2 Bc8 17. Nf1 Qf8 18. Ng3 Bd7 19. b4 Nd8 20. Nh4 c5 21. Rf1 cxb4 22. cxb4 Nc6 23. Bb3 Be6 24. Qb2 Kh7 25. Bxe6 fxe6 26. Ra6 Rec8 27. Nh5 Qe7 28. Nxf6+ gxf6 29. g3 Ra8 30. Rb6 Rab8 1/2-1/2

[Event "Rhein Main op-A 21st"]
[Site "Bad Homburg"]
[Date "2018.06.02"]
[Round "5"]
[White "Beck, Andreas"]
[Black "Deutschbein, Christopher"]
[Result "0-1"]
[WhiteElo "1817"]
[BlackElo "1995"]
[PlyCount "122"]
[EventDate "2018.05.30"]
[EventType "swiss"]
[EventRounds "7"]
[EventCountry "GER"]
[SourceTitle "EXT 2019"]
[Source "ChessBase"]
[SourceDate "2018.10.10"]
[SourceVersion "1"]
[SourceVersionDate "2018.10.10"]
[SourceQuality "1"]

1. e4 e5 2. Nf3 Nc6 3. Bc4 Bc5 4. c3 Nf6 5. d3 0-0 6. h3 d5 7. exd5 Nxd5 8. 0-0 Nb6 9. Bb3 Bf5 10. Bc2 Re8 11. b4 Bd6 12. b5 Ne7 13. c4 c5 14. Nc3 Ng6 15. a4 Nd7 16. Ne4 Be7 17. Be3 h6 18. Ng3 Be6 19. Re1 Bf6 20. Ne4 Qc7 21. a5 Rad8 22. Qb1 Be7 23. Rd1 Qc8 24. a6 b6 25. Qc1 f5 26. Nc3 f4 27. Bd2 Nh4 28. Nxh4 Bxh4 29. Ne4 Nf6 30. Nxf6+ Bxf6 31. Ra3 Rd6 32. Kh2 g5 33. Rg1 Kf7 34. Bd1 Rg8 35. Bh5+ Ke7 36. g3 Qd7 37. gxf4 exf4 38. Qf1 Be5 39. Qe2 Kf6 40. Bf3 Bxh3 41. Bc3 Bxc3 42. Rxc3 Bf5 43. Bd5 Rxd5 44. cxd5 Qxd5 45. Re1 Qd6 46. Kg1 g4 47. d4 Qxd4 48. Qe7+ Kg6 49. Rcc1 g3 50. Re6+ Bxe6 51. Qxe6+ Kh5 52. Qh3+ Kg5 53. Rf1 Rg7 54. Kh1 Qe4+ 55. f3 Qe2 56. Qg4+ Kf6 57. Qxf4+ Ke7 58. Qc7+ Kf8 59. Qd8+ Kf7 60. Qd5+ Qe6 61. Qb7+ Kf6 0-1

[Event "Rhein Main op-A 21st"]
[Site "Bad Homburg"]
[Date "2018.05.31"]
[Round "2"]
[White "Deutschbein, Christopher"]
[Black "Engel, Berthold"]
[Result "0-1"]
[WhiteElo "1995"]
[BlackElo "2137"]
[PlyCount "74"]
[EventDate "2018.05.30"]
[EventType "swiss"]
[EventRounds "7"]
[EventCountry "GER"]
[SourceTitle "EXT 2019"]
[Source "ChessBase"]
[SourceDate "2018.10.10"]
[SourceVersion "1"]
[SourceVersionDate "2018.10.10"]
[SourceQuality "1"]

1. Nf3 d6 2. g3 e5 3. e4 Nf6 4. d3 Be7 5. Bg2 0-0 6. 0-0 c6 7. Nbd2 Ne8 8. d4 Bg4 9. h3 Bxf3 10. Nxf3 Nd7 11. h4 Nef6 12. Re1 Qc7 13. b3 Rfe8 14. Bb2 Bf8 15. dxe5 dxe5 16. Nd2 Bc5 17. g4 Nf8 18. g5 N6d7 19. Nc4 Ng6 20. Qg4 Rad8 21. h5 Nf4 22. Bf1 Ne6 23. Rad1 g6 24. hxg6 hxg6 25. Qh4 Nd4 26. Re3 b5 27. c3 bxc4 28. cxd4 exd4 29. Rh3 Qe5 30. Bxc4 Nf8 31. Rdd3 Qg7 32. Rdf3 Re7 33. Rh1 Rde8 34. Rf4 Bd6 35. Rg4 Nd7 36. e5 Nxe5 37. Bxd4 Nf3+ 0-1

[Event "Schleswig Holstein-ch Vormeister"]
[Site "Bad Segeberg"]
[Date "2018.03.28"]
[Round "7.2"]
[White "Deutschbein, Christopher"]
[Black "Kroencke, Manfred"]
[Result "0-1"]
[WhiteElo "2012"]
[BlackElo "2021"]
[PlyCount "86"]
[EventDate "2018.03.24"]
[EventType "swiss"]
[EventRounds "9"]
[EventCountry "GER"]
[SourceTitle "EXT 2022"]
[Source "ChessBase"]
[SourceDate "2021.10.06"]
[SourceVersion "1"]
[SourceVersionDate "2021.10.06"]
[SourceQuality "1"]

1. d4 d5 2. Nf3 Nf6 3. g3 e6 4. Bg2 Be7 5. 0-0 0-0 6. c4 Nbd7 7. Qc2 c6 8. Nbd2 b6 9. e4 Bb7 10. b3 Rc8 11. Bb2 Qc7 12. Rfe1 Rfd8 13. Rad1 Qb8 14. Qd3 Bb4 15. a3 dxe4 16. Nxe4 Bxe1 17. Rxe1 Nxe4 18. Rxe4 Nc5 19. Qc2 Nxe4 20. Qxe4 c5 21. Qh4 Bxf3 22. Bxf3 cxd4 23. Bxd4 Rxd4 24. Qxd4 Rd8 25. Qh4 Qd6 26. Kg2 Re8 27. b4 f6 28. Qh5 g6 29. Qb5 Rc8 30. h4 Kg7 31. Qa6 Qc7 32. Bb7 Rb8 33. Bf3 Rd8 34. Qa4 Rd2 35. Qb3 Qd6 36. c5 bxc5 37. bxc5 Qxc5 38. Qb7+ Kh6 39. Qa8 Rxf2+ 40. Kh3 Qf5+ 41. Bg4 Qc5 42. Qe8 f5 43. Bd1 Rf1 0-1

[Event "Berlin Lichtenberger op 16th"]
[Site "Berlin"]
[Date "2017.08.24"]
[Round "6"]
[White "Deutschbein, Christopher"]
[Black "Korell, Klaus Peter"]
[Result "1-0"]
[WhiteElo "2019"]
[BlackElo "1852"]
[PlyCount "73"]
[EventDate "2017.08.19"]
[EventType "swiss"]
[EventRounds "9"]
[EventCountry "GER"]
[SourceTitle "CBM 180 Extra"]
[Source "ChessBase"]
[SourceDate "2017.10.06"]
[SourceVersion "1"]
[SourceVersionDate "2017.10.06"]
[SourceQuality "1"]

1. c4 Nf6 2. g3 e6 3. Bg2 d5 4. Nf3 Be7 5. 0-0 0-0 6. Ne5 Nbd7 7. Nxd7 Qxd7 8. cxd5 exd5 9. d4 c6 10. Nc3 Qc7 11. Bd2 Be6 12. e3 Nd7 13. Rc1 Nb6 14. b3 Qd7 15. a4 Bg4 16. Ne2 Bf5 17. h4 Nc8 18. Nf4 Bd6 19. Ne2 Re8 20. b4 Nb6 21. Qc2 Nc4 22. Be1 a6 23. Bf3 Re7 24. Nc3 b5 25. a5 Rae8 26. Nb1 Nxe3 27. fxe3 Rxe3 28. Qd1 Bd3 29. Bf2 Be2 30. Bxe2 Rxe2 31. Nc3 R2e6 32. Rb1 Qe7 33. Re1 Bxb4 34. Rxe6 fxe6 35. Ne2 Bxa5 36. Qc2 Qd7 37. Ra1 1-0

[Event "Berlin Lichtenberger op 16th"]
[Site "Berlin"]
[Date "2017.08.23"]
[Round "5"]
[White "Deutschbein, Christopher"]
[Black "Kretzschmar, Jan"]
[Result "1/2-1/2"]
[WhiteElo "2019"]
[BlackElo "1819"]
[PlyCount "101"]
[EventDate "2017.08.19"]
[EventType "swiss"]
[EventRounds "9"]
[EventCountry "GER"]
[SourceTitle "CBM 180 Extra"]
[Source "ChessBase"]
[SourceDate "2017.10.06"]
[SourceVersion "1"]
[SourceVersionDate "2017.10.06"]
[SourceQuality "1"]

1. d4 Nf6 2. Nf3 e6 3. g3 c5 4. c3 Nc6 5. Bg2 Be7 6. 0-0 0-0 7. Nbd2 cxd4 8. cxd4 d5 9. Nb3 b6 10. Ne5 Bb7 11. Bd2 Rc8 12. Rc1 a5 13. Nxc6 Rxc6 14. Rxc6 Bxc6 15. Qc2 Qa8 16. Rc1 Rc8 17. Bg5 Bb7 18. Qd1 h6 19. Bf4 Ne8 20. Rxc8 Qxc8 21. Qc1 a4 22. Qxc8 Bxc8 23. Nc1 Ba6 24. Bf1 Bd6 25. e3 Bxf1 26. Bxd6 Ba6 27. Bb8 Nf6 28. f3 Kf8 29. Kf2 Ke7 30. Bc7 Nd7 31. Ne2 Bc4 32. Nc3 b5 33. b3 axb3 34. axb3 Bxb3 35. Nxb5 Nf6 36. Nc3 Bc4 37. Be5 Ne8 38. e4 f6 39. Bf4 g5 40. Bc1 Kf7 41. Ke3 Nd6 42. Ba3 Nb5 43. Nxb5 Bxb5 44. Bd6 Bc4 45. f4 g4 46. f5 exf5 47. exf5 Bb3 48. Kf4 h5 49. Bb4 Bd1 50. Be1 Be2 51. Bb4 1/2-1/2

[Event "Berlin Lichtenberger op 16th"]
[Site "Berlin"]
[Date "2017.08.22"]
[Round "4"]
[White "Florstedt, Johannes"]
[Black "Deutschbein, Christopher"]
[Result "1-0"]
[WhiteElo "2232"]
[BlackElo "2019"]
[PlyCount "77"]
[EventDate "2017.08.19"]
[EventType "swiss"]
[EventRounds "9"]
[EventCountry "GER"]
[SourceTitle "CBM 180 Extra"]
[Source "ChessBase"]
[SourceDate "2017.10.06"]
[SourceVersion "1"]
[SourceVersionDate "2017.10.06"]
[SourceQuality "1"]

1. c4 c5 2. Nf3 Nf6 3. Nc3 Nc6 4. g3 g6 5. d4 cxd4 6. Nxd4 Bg7 7. Bg2 0-0 8. 0-0 Re8 9. c5 d5 10. cxd6 Nxd4 11. Qxd4 e5 12. Qh4 Qxd6 13. Rd1 Qa6 14. Bg5 Qb6 15. Na4 Qa6 16. Nc5 Qb6 17. Rac1 Bf5 18. Na4 Qa6 19. Nc5 Qb6 20. e4 Bg4 21. Rd3 Rac8 22. Rdc3 Be2 23. Nd7 Rxc3 24. Nxb6 Rxc1+ 25. Bxc1 axb6 26. h3 Rd8 27. Kh2 Rd7 28. Qg5 Bd3 29. f3 h5 30. h4 Bxe4 31. Bh3 Rd3 32. fxe4 Kf8 33. Bd2 Nxe4 34. Bb4+ Kg8 35. Qe7 Nxg3 36. Qe8+ Kh7 37. Qxf7 Ne4 38. Bf8 Rd2+ 39. Bg2 1-0

[Event "Berlin Lichtenberger op 16th"]
[Site "Berlin"]
[Date "2017.08.21"]
[Round "3"]
[White "Fock, Amina"]
[Black "Deutschbein, Christopher"]
[Result "0-1"]
[WhiteElo "1587"]
[BlackElo "2019"]
[PlyCount "58"]
[EventDate "2017.08.19"]
[EventType "swiss"]
[EventRounds "9"]
[EventCountry "GER"]
[SourceTitle "CBM 180 Extra"]
[Source "ChessBase"]
[SourceDate "2017.10.06"]
[SourceVersion "1"]
[SourceVersionDate "2017.10.06"]
[SourceQuality "1"]

1. e4 e5 2. Nf3 Nc6 3. Bb5 a6 4. Ba4 Nf6 5. 0-0 Be7 6. Re1 b5 7. Bb3 0-0 8. d3 d6 9. c3 Na5 10. Bc2 c5 11. Nbd2 Re8 12. Nf1 Bf8 13. Ne3 g6 14. h3 Bb7 15. Nh2 d5 16. exd5 Nxd5 17. Neg4 Bg7 18. Nf3 Nf4 19. Be3 Qd5 20. Bxf4 exf4 21. Rxe8+ Rxe8 22. Qf1 b4 23. c4 Qd7 24. Rb1 Bxf3 25. gxf3 h5 26. Nh2 Qe6 27. Ba4 Re7 28. b3 Bd4 29. Kg2 Qe2 0-1

[Event "Berlin Lichtenberger op 15th"]
[Site "Berlin"]
[Date "2016.08.20"]
[Round "8"]
[White "Krueger, Ekkehard"]
[Black "Deutschbein, Christopher"]
[Result "0-1"]
[WhiteElo "1818"]
[BlackElo "2006"]
[PlyCount "126"]
[EventDate "2016.08.13"]
[EventType "swiss"]
[EventRounds "9"]
[EventCountry "GER"]
[SourceTitle "CBM 173 Extra"]
[Source "ChessBase"]
[SourceDate "2016.08.29"]
[SourceVersion "1"]
[SourceVersionDate "2016.08.29"]
[SourceQuality "1"]

1. e4 e5 2. Nf3 Nc6 3. Bc4 Nf6 4. d3 Be7 5. c3 d6 6. h3 Be6 7. Bxe6 fxe6 8. Qb3 Qc8 9. Be3 0-0 10. Nbd2 a6 11. d4 exd4 12. cxd4 Kh8 13. Rc1 d5 14. e5 Nh5 15. g3 Rb8 16. a3 Rf7 17. Qd3 Qf8 18. Ke2 Rc8 19. Rhf1 Na5 20. b4 Nc4 21. Ng1 Nxe3 22. Qxe3 a5 23. bxa5 c5 24. Ngf3 c4 25. Ng5 Bxg5 26. Qxg5 g6 27. Qe3 Qd8 28. Qc3 Ra8 29. Ra1 Qxa5 30. Qxa5 Rxa5 31. Rfb1 b5 32. Rb4 Ng7 33. g4 Ne8 34. f3 Rfa7 35. Nb1 Nc7 36. Nc3 Rxa3 37. Rxa3 Rxa3 38. Nxb5 Rb3 39. Rxb3 cxb3 40. Na3 b2 41. Nb1 Nb5 42. Ke3 g5 43. Kd3 Kg7 44. Ke3 Kf7 45. Kd3 Ke7 46. Ke3 Kd7 47. Kd3 Kc6 48. Ke3 h6 49. Kd3 Kb6 50. Ke3 Ka5 51. f4 gxf4+ 52. Kxf4 Kb4 53. Ke3 Kc4 54. h4 Nxd4 55. h5 Nc6 56. Kf4 Kd4 57. g5 Nxe5 58. gxh6 Nf7 59. h7 Kd3 60. h8Q Nxh8 61. Ke5 Kc2 62. Na3+ Kc1 63. Kxe6 d4 0-1

[Event "Berlin Lichtenberger op 15th"]
[Site "Berlin"]
[Date "2016.08.14"]
[Round "2"]
[White "Pluska, Alexander"]
[Black "Deutschbein, Christopher"]
[Result "0-1"]
[WhiteElo "2116"]
[BlackElo "2006"]
[PlyCount "84"]
[EventDate "2016.08.13"]
[EventType "swiss"]
[EventRounds "9"]
[EventCountry "GER"]
[SourceTitle "CBM 173 Extra"]
[Source "ChessBase"]
[SourceDate "2016.08.29"]
[SourceVersion "1"]
[SourceVersionDate "2016.08.29"]
[SourceQuality "1"]

1. Nf3 Nf6 2. d4 d5 3. c4 e6 4. Nc3 Be7 5. Bg5 0-0 6. e3 h6 7. Bxf6 Bxf6 8. cxd5 exd5 9. Bd3 c6 10. h3 Nd7 11. 0-0 Be7 12. Qc2 Bd6 13. Rab1 a5 14. a3 Re8 15. Rfc1 Nf6 16. Nd2 g5 17. Re1 g4 18. hxg4 Bxg4 19. Bf5 Kh8 20. f3 Bxf5 21. Qxf5 Rg8 22. f4 Rg6 23. Nf3 Qd7 24. Qxd7 Nxd7 25. Ne5 Nxe5 26. fxe5 Be7 27. Ne2 Bg5 28. Nf4 Bxf4 29. exf4 Rg4 30. Rf1 Rag8 31. Rf2 Rg3 32. b4 a4 33. b5 Rxa3 34. bxc6 bxc6 35. Rb7 Ra1+ 36. Kh2 Ra8 37. e6 fxe6 38. Re2 a3 39. Rxe6 a2 40. Ree7 Rh1+ 41. Kg3 Rg8+ 42. Kf2 Rf1+ 0-1

[Event "Kiel op-A 29th"]
[Site "Kiel"]
[Date "2016.07.31"]
[Round "3"]
[White "Deutschbein, Christopher"]
[Black "Johansson, Thomas1111"]
[Result "1/2-1/2"]
[WhiteElo "2006"]
[BlackElo "2222"]
[PlyCount "63"]
[EventDate "2016.07.30"]
[EventType "swiss"]
[EventRounds "9"]
[EventCountry "GER"]
[SourceTitle "CBM 173 Extra"]
[Source "ChessBase"]
[SourceDate "2016.08.29"]
[SourceVersion "1"]
[SourceVersionDate "2016.08.29"]
[SourceQuality "1"]

1. e4 e6 2. d3 d5 3. Nd2 Nf6 4. g3 g6 5. Bg2 Bg7 6. Ngf3 c5 7. 0-0 Nc6 8. Re1 0-0 9. c3 Qc7 10. e5 Nd7 11. d4 cxd4 12. cxd4 a5 13. a4 Nb4 14. Re3 Nb8 15. Nb1 Bd7 16. Nc3 Bc6 17. Bd2 Qd7 18. Bf1 N8a6 19. Nb5 Rfb8 20. h4 Nc7 21. Nxc7 Qxc7 22. Bxb4 axb4 23. b3 Rc8 24. h5 Bh6 25. Re1 Qe7 26. hxg6 hxg6 27. Bd3 Bd7 28. Kg2 Rc3 29. Rh1 Kg7 30. Nh2 Rac8 31. f4 Kg8 32. Nf3 1/2-1/2

[Event "Berlin Lichtenberger op 13th"]
[Site "Berlin"]
[Date "2014.08.22"]
[Round "7"]
[White "Guenther, Thomas"]
[Black "Deutschbein, Christopher"]
[Result "0-1"]
[WhiteElo "2089"]
[BlackElo "1984"]
[PlyCount "94"]
[EventDate "2014.08.16"]
[EventType "swiss"]
[EventRounds "9"]
[EventCountry "GER"]
[SourceTitle "CBM 161 Extra"]
[Source "ChessBase"]
[SourceDate "2014.08.29"]
[SourceVersion "1"]
[SourceVersionDate "2014.08.29"]
[SourceQuality "1"]

1. d4 Nf6 2. Nf3 g6 3. g3 Bg7 4. Bg2 d5 5. 0-0 0-0 6. h3 Nbd7 7. Kh2 c5 8. c3 b6 9. Ne5 Bb7 10. Be3 e6 11. Nxd7 Nxd7 12. c4 cxd4 13. Bxd4 Nf6 14. Nc3 Rc8 15. cxd5 Nxd5 16. Bxg7 Kxg7 17. Qd4+ Kg8 18. Ne4 Qe7 19. Rac1 Rfd8 20. Rxc8 Rxc8 21. Qa4 Ba8 22. Rd1 Bc6 23. Qa6 Rc7 24. a3 f5 25. Nd2 Qc5 26. Qc4 Qxf2 27. Rf1 Qxg2+ 28. Kxg2 Ne3+ 29. Kg1 Nxc4 30. Nxc4 Bb5 31. Ne3 Bxe2 32. Re1 Ba6 33. Rd1 Bb7 34. Kf2 Kf7 35. Rd2 Ke7 36. Nc2 Be4 37. Ne1 Rd7 38. Re2 Kf6 39. h4 e5 40. Ke3 Rd4 41. Kf2 g5 42. hxg5+ Kxg5 43. Ke3 Kg4 44. Kf2 Rd5 45. Ng2 Bxg2 46. Kxg2 h5 47. Rf2 Rd3 0-1

[Event "Berlin Lichtenberger op 13th"]
[Site "Berlin"]
[Date "2014.08.21"]
[Round "6"]
[White "Deutschbein, Christopher"]
[Black "Pluska, Alexander"]
[Result "1-0"]
[WhiteElo "1984"]
[BlackElo "1899"]
[PlyCount "75"]
[EventDate "2014.08.16"]
[EventType "swiss"]
[EventRounds "9"]
[EventCountry "GER"]
[SourceTitle "CBM 161 Extra"]
[Source "ChessBase"]
[SourceDate "2014.08.29"]
[SourceVersion "1"]
[SourceVersionDate "2014.08.29"]
[SourceQuality "1"]

1. e4 g6 2. d4 Bg7 3. g3 c5 4. dxc5 Na6 5. Bg2 Nxc5 6. Ne2 b6 7. Nbc3 Bb7 8. 0-0 Nf6 9. e5 Ng4 10. Bxb7 Nxb7 11. f4 0-0 12. Nd4 Nh6 13. f5 Nxf5 14. Nxf5 gxf5 15. Rxf5 e6 16. Rh5 f5 17. Bh6 Bxh6 18. Rxh6 Qg5 19. Rh5 Qe3+ 20. Kg2 Rf7 21. Qe1 Qc5 22. Qe2 Na5 23. Rg5+ Kh8 24. Re1 Raf8 25. Nd1 Qd5+ 26. Kg1 Qxa2 27. Qa6 Qd5 28. Qe2 Nc6 29. c3 b5 30. Nf2 b4 31. Nh3 bxc3 32. bxc3 Qc5+ 33. Kf1 Qxc3 34. Nf4 Rg8 35. Qh5 Nxe5 36. Rxe5 Qxe5 37. Qxf7 Rxg5 38. Qf8+ 1-0

[Event "Berlin Lichtenberger op 13th"]
[Site "Berlin"]
[Date "2014.08.19"]
[Round "4"]
[White "Deutschbein, Christopher"]
[Black "Heuser, Philip"]
[Result "1/2-1/2"]
[WhiteElo "1984"]
[BlackElo "2095"]
[PlyCount "88"]
[EventDate "2014.08.16"]
[EventType "swiss"]
[EventRounds "9"]
[EventCountry "GER"]
[SourceTitle "CBM 161 Extra"]
[Source "ChessBase"]
[SourceDate "2014.08.29"]
[SourceVersion "1"]
[SourceVersionDate "2014.08.29"]
[SourceQuality "1"]

1. e4 c6 2. d4 g6 3. Nf3 Bg7 4. Be2 d6 5. 0-0 Nd7 6. Nbd2 Qc7 7. Re1 Ngf6 8. c3 0-0 9. Qc2 a6 10. Nf1 b5 11. h3 Bb7 12. Bf4 c5 13. dxc5 Qxc5 14. Bd3 Rac8 15. N1d2 Rfe8 16. Rac1 Qa7 17. Be3 Qa8 18. Bd4 Nc5 19. e5 dxe5 20. Bxe5 Rcd8 21. Bf1 Nce4 22. Nb3 e6 23. Rcd1 Bd5 24. Bd4 Nd6 25. Nfd2 Nf5 26. Be5 Nh4 27. f3 Nf5 28. Bd3 Nd6 29. Bxd6 Rxd6 30. Ne4 Nxe4 31. Bxe4 Red8 32. Bxd5 Rxd5 33. Rxd5 Qxd5 34. Re2 Be5 35. Rd2 Qa8 36. Rxd8+ Qxd8 37. Qd2 Qb6+ 38. Qf2 Qd6 39. Qd2 Qb6+ 40. Qf2 Qd6 41. Qd2 Qxd2 42. Nxd2 Bf4 43. Nb3 Kf8 44. Kf2 Bc7 1/2-1/2